|
|
|
|
| LEADER |
01116pam\a2200289\a\4500 |
| 001 |
AALebook093160 |
| 003 |
BD-DhAAL |
| 005 |
20210922110252.0 |
| 006 |
m||||||||d|||||||| |
| 007 |
cr\nn\---mamaa |
| 008 |
170516s2016\\\\pau\\\\f0b\j\\001\0\eng|d |
| 999 |
|
|
|c 38143
|d 38143
|
| 040 |
|
|
|a BD-DhAAL
|c BD-DhAAL
|
| 082 |
|
|
|2 23
|a 570.285
|
| 100 |
|
|
|a Albert, István
|9 21575
|
| 245 |
|
|
|a The biostar handbook /
|c István Albert
|h [electronic resource]
|
| 260 |
|
|
|a Pennsylvania :
|b The Penn State Graduate School,
|c 2016
|
| 300 |
|
|
|a 1 online resource (640 pages)
|
| 500 |
|
|
|a <strong>On-Campus Access Only:</strong> No User ID or Password Required
|
| 538 |
|
|
|a Mode of access: Internet
|
| 650 |
|
|
|a Bioinformatics
|9 21576
|
| 650 |
|
|
|a Computational Biology
|x methods
|9 21577
|
| 655 |
|
|
|2 Library of Congress
|a Electronic books
|9 42117
|
| 852 |
|
|
|a Ayesha Abed Library
|
| 856 |
|
|
|z Full text available
|u http://library.bracu.ac.bd/ebooks/the-bioster-handbook.pdf
|
| 942 |
|
|
|2 ddc
|c EBK
|
| 952 |
|
|
|0 0
|1 0
|2 ddc
|4 0
|6 570_285000000000000_ALB
|7 0
|9 60676
|a BRACUL
|b BRACUL
|d 2017-05-16
|l 0
|o 570.285 ALB
|r 2017-05-16
|w 2017-05-16
|y EBK
|